|
|
|
|
| LEADER |
00833 a2200229 4500 |
| 005 |
20151026133214.0 |
| 008 |
130129t xxu||||| |||| 00| 0 eng d |
| 020 |
|
|
|a 9788184894301
|
| 080 |
|
|
|a 004:519.6
|b QUA
|
| 100 |
|
|
|a Quarteroni, Alfio
|9 22741
|
| 245 |
|
|
|a Scientific computing with MATLAB and octave
|c Alfio Quarteroni and Fausto Saleri
|
| 250 |
|
|
|a 2nd ed.
|
| 260 |
|
|
|b Springer Verlag
|c 2006
|a Heidelberg
|
| 300 |
|
|
|a xvi, 318p.
|
| 490 |
|
|
|a Texts in computational science and engineering, 2
|
| 653 |
|
|
|a MATLAB - Programming language
|
| 653 |
|
|
|a Scientific computing
|a Computer science
|
| 653 |
|
|
|a Data processing
|
| 700 |
|
|
|a Saleri, Fausto
|9 22740
|
| 942 |
|
|
|c BK
|6 _
|
| 999 |
|
|
|c 65237
|d 65237
|
| 952 |
|
|
|0 0
|1 0
|2 udc
|4 0
|6 0045196_QUA
|7 0
|9 77590
|a UL
|b UL
|d 2012-12-28
|g 0.00
|o 004:519.6 QUA
|p 00068212
|r 2012-12-28
|v 0.00
|w 2012-12-28
|y BK
|